00404nam a2200157Ia 45000010006000000050017000060080041000230410008000640820015000721000027000872450074001142600009001883000033001976500008002306540008002381364020260306164816.0260306t2013||||xx |||||||||||||| ||spa|| aESP a005.1bR91 aRubin, Kenneth S.eAUT 0aEssential scrum:ba practical guide to the most popular agile process c2013 axli, 452 páginas :c23 cm. aGEN aCCC